Sports Quiz

Random Sports Quiz
Score 0/43 Timer 05:00
0 Plays Today
Number Driver % Correct
48Jimmie Johnson
100%
12Ryan Newman
95.6%
20Tony Stewart
94.5%
88Dale Jarrett
90.1%
9Kasey Kahne
89%
6Mark Martin
89%
29Kevin Harvick
89%
17Matt Kenseth
89%
07Clint Bowyer
87.9%
25Brian Vickers
87.9%
8Dale Earnhardt Jr.
87.9%
7Robby Gordon
85.7%
24 Jeff Gordon
85.7%
55Michael Waltrip
84.6%
1Martin Truex Jr.
83.5%
5Kyle Busch
83.5%
38Elliott Sadler
82.4%
42Casey Mears
78%
11Denny Hamlin
78%
16Greg Biffle
76.9%
31Jeff Burton
76.9%
2Kurt Busch
73.6%
Number Driver % Correct
99Carl Edwards
72.5%
21Ken Schrader
71.4%
19Jeremy Mayfield
71.4%
22Dave Blaney
69.2%
45Kyle Petty
69.2%
43Bobby Labonte
68.1%
40David Stremme
67%
18JJ Yeley
67%
96Terry Labonte
65.9%
41Reed Sorenson
65.9%
14Sterling Marlin
65.9%
26 Jamie McMurray
63.7%
01Joe Nemechek
62.6%
66Jeff Green
57.1%
09Mike Wallace
52.7%
32Travis Kvapil
45.1%
61 Kevin Lepage
39.6%
49Brent Sherman
37.4%
27Kirk Shelmerdine
31.9%
36 Bill Elliott
27.5%
00Hermie Sadler
25.3%
Remove Ads.
Support Sporcle.
Get the best of Sporcle when you Go Orange. This ad-free experience offers more features, more stats, and more fun while also helping to support Sporcle. Thank you for becoming a member.

You're not logged in!

Compare scores with friends on all Sporcle quizzes.
OR
Log In

Show Comments

Extras

Top Quizzes Today


Score Distribution

Your Account Isn't Verified!

In order to create a playlist on Sporcle, you need to verify the email address you used during registration. Go to your Sporcle Settings to finish the process.

Report this User

Report this user for behavior that violates our Community Guidelines.

Details: